header

Philodemus and the New Testament world (Record no. 53006)

MARC details
000 -LEADER
fixed length control field 01414nam a22003374a 4500
082 04 - DEWEY DECIMAL CLASSIFICATION NUMBER
Classification number 187
245 00 - TITLE STATEMENT
Title Philodemus and the New Testament world
260 ## - PUBLICATION, DISTRIBUTION, ETC. (IMPRINT)
Place of publication Leiden ;
-- Boston :
Name of publisher Brill,
Year of publication 2004.
300 ## - PHYSICAL DESCRIPTION
Number of Pages xiv, 432 p.
490 1# - SERIES STATEMENT
Series statement Supplements to Novum Testamentum,
700 1# - ADDED ENTRY--PERSONAL NAME
Personal name Fitzgerald, John T.,
Personal name Obbink, Dirk.
Personal name Holland, Glenn Stanfield,
856 40 - ELECTRONIC LOCATION AND ACCESS
Uniform Resource Identifier http://site.ebrary.com/lib/rucke/Doc?id=10090524

No items available.

© 2026 Rongo University
Contact us: librarian | system librarian | Rongo university